区划代码对应的地级行政区:四川 - Statistics

General Stats
  • This quiz has been taken 9 times
  • The average score is 15 of 21
Answer Stats
区划代码 行政区名称 % Correct
5101 成都市
100%
5114 眉山市
83%
5132 阿坝藏族羌族自治州
83%
5102 自贡市
67%
5105 泸州市
67%
5106 德阳市
67%
5107 绵阳市
67%
5108 广元市
67%
5109 遂宁市
67%
5110 内江市
67%
5111 乐山市
67%
5113 南充市
67%
5115 宜宾市
67%
5116 广安市
67%
5117 达州市
67%
5118 雅安市
67%
5119 巴中市
67%
5120 资阳市
67%
5133 甘孜藏族自治州
67%
5134 凉山彝族自治州
67%
5104 攀枝花市
50%
No matching quizzes found
Score Distribution
Percent of People with Each Score
Percentile by Number Answered
Your Score History
You have not taken this quiz